Memoria
La Carta de Autonomía Municipal Iberoamericana proclama la necesidad de que se transmita el proceso democratizador de los Estados de Iberoamérica a las estructuras municipalistas de todos los países y una serie de lineamientos que garanticen esa autonomía municipal. REV/LCL
Сохранить в:
| Формат: | Текст |
|---|---|
| Опубликовано: |
San José:
Fundación DEMUCA
|
| Предметы: | |
| Метки: |
Добавить метку
Нет меток, Требуется 1-ая метка записи!
|
MARC
| LEADER | 00000 a a2200000 04500 | ||
|---|---|---|---|
| 001 | 21931 | ||
| 003 | |||
| 040 | |||
| 090 | |a 146210 | ||
| 245 | |a Memoria | ||
| 260 | |a San José: |b Fundación DEMUCA | ||
| 300 | |a 97 p.; vol. 3 | ||
| 520 | |a La Carta de Autonomía Municipal Iberoamericana proclama la necesidad de que se transmita el proceso democratizador de los Estados de Iberoamérica a las estructuras municipalistas de todos los países y una serie de lineamientos que garanticen esa autonomía municipal. REV/LCL | ||
| 650 | |a GOBIERNO LOCAL | ||
| 650 | |a DESARROLLO LOCAL | ||
| 650 | |a AUTONOMIA ADMINISTRATIVA | ||
| 650 | |a ASPECTOS JURIDICOS | ||
| 999 | |c 13991 |d 13991 | ||
